00879nam a2200217 4500001000700000003000800007005001700015008004100032035002000073040002600093041000800119082002200127100002400149245018900173260003900362650004200401700006900443942001200512999001700524952012000541 83010BD-RjUL20240208105004.0240208s13251946ir ||||| |||| 00| 0 p d a(BD-RjUL) 83010 aBD-RjULbengcBD-RjUL aper 223a100bJAA 1946 aJanet, Paul 91156610a‏آ̄راء فلاسفه در بارۀ عادت /‏ / Ārāʼi falāsifah dar bāreh-yi ʻādat .. /cPaul Janet, ‏سپهرى، برزو. (Translator) / Burzū Sipihrī aTehran:bChapkhanah Dansgah,c1946 a Histoirev de la philosophie 911567 aسپهرى، برزو. ;; Burzū Sipihrī (Translator)911568 2ddccBK c83010d83010 00102ddc40718NFICaRUCLbRUCLcReadingd1976-07-16l0oF 100 JAA 1946r2024-02-08 00:00:00tC-1w2024-02-08yBK